000 003860000a22001570004500
020 _a84-7530-212-2
041 0 _aSPA
082 0 4 _aG 889.1 E432d
100 1 _aElitis, Odiseas
245 1 0 _aDignum est / Odiseas Elitis ; Cristián Carandell, Traductor
260 _aMadrid : Orbis
300 _a155 Pag
500 _aTítulo original : To axion esti
001 13142
942 _cBK
999 _c42132
_d42132